| 000 | 01992cam a2200349 a 4500 | ||
|---|---|---|---|
| 999 |
_c129352 _d129352 |
||
| 001 | 16542926 | ||
| 003 | ARRUPE | ||
| 005 | 20190402092856.0 | ||
| 008 | 101118s2010 sa ac b 001 0 eng | ||
| 010 | _a 2010511364 | ||
| 020 | _a9781920196257 (pbk.) | ||
| 020 | _a1920196250 (pbk.) | ||
| 040 |
_aDLC _cDLC |
||
| 042 | _apcc | ||
| 043 | _af-sa--- | ||
| 050 | 0 | 0 |
_aRA643.86.S6 _bW43 2010 |
| 245 | 0 | 0 |
_aWhat is left unsaid : _breporting the South African HIV epidemic / _cedited by Kristin Palitza ... et al. |
| 246 | 3 | 0 | _aReporting the South African HIV epidemic |
| 260 |
_aAuckland Park, South Africa : _bFanele, _c2010. |
||
| 300 |
_axxiii, 358 p. : _bcol. ill., col. ports. ; _c24 cm. |
||
| 500 | _aPublished by Fanele on behalf of the Anova Health Institute. | ||
| 504 | _aIncludes bibliographical references and index. | ||
| 520 | _a"What is left unsaid : reporting the South African HIV epidemic is a collection of work produced by the fellows of the HIV/AIDS & the Media Project, started by Helen Struthers and Anton Harber in 2003. It contains a selection of the best journalism and research produced by the Media Project Fellows, which gives an important insight into the history and key issues of South African health politics and media reporting on HIV in the last decade. The texts range from in-depth quantitative and qualitative research documents to radio and television transcripts and candid interviews"--BOOK Southern Africa website. | ||
| 650 | 0 |
_aHIV infections _xReporting _zSouth Africa. _945695 |
|
| 650 | 0 |
_aDiseases _xReporting _zSouth Africa. _945696 |
|
| 650 | 0 |
_aAIDS (Disease) and mass media _zSouth Africa. _945697 |
|
| 700 | 1 |
_aPalitza, Kristin. _945698 |
|
| 710 | 2 |
_aANOVA Health Institute. _945699 |
|
| 710 | 2 |
_aHIV/AIDS and the Media Project (South Africa) _945700 |
|
| 906 |
_a7 _bcbc _corigres _d3 _encip _f20 _gy-gencatlg |
||
| 942 |
_2lcc _cMONOGRAPH |
||